000 01665nam a22002417a 4500
003 DO-SdBJH
005 20240828143339.0
008 240828b |||||||| |||| 00| 0 spa d
040 _aDO-SdBJH
_bspa
_cDO-SdBJH
090 _aTG ANGM
_b02111 2022
100 1 _aCoca Montero, Florisleidy
_esustentante
245 1 0 _aRol de la Armada de República Dominicana ante el impacto del sargazo a los Ecosistemas Marino en la Zona Este /
_cFlorisleidy Coca Montero, Félix Ramón Mosquea Faña, asesores Flor María Vera, Gertrudis Perero Rodríguez
260 _aSanto Domingo Este :
_bINSUDE,
_c2022
300 _avi, 62 páginas, , imagen, gráficos, mapa, ilustración
502 _aTrabajo de grado (Licenciado en Ciencias Navales). -- Instituto Superior para la Defensa (INSUDE). Academia Naval Marina de Guerra “Vicealmirante Cesar D’Windt Lavandier”, 2022
504 _aIncluye referencias bibliográficas e índices
505 _aLa Armada de República Dominicana como participante la investigación del sargazo y los ecosistemas marinos en el marco normativo. -- Descripción y conceptos generales del sargazo, los ecosistemas marinos. -- Presentar la situación actual del sargazo en la zona Este y de como peligran las especies marinas. -- Medidas y propuestas el control del sargazo en las playas de la zona Este y los ecosistemas marinos
700 1 _a Mosquea Faña, Félix Ramón
_esustentante
700 1 _aVera, Flor María
_easesor
700 1 _aPerero Rodríguez, Gertrudis
_easesor
830 _aINSUDE. Academia Naval Marina de Guerra “Vicealmirante Cesar D’Windt Lavandier”. Tesis y disertaciones académicas
942 _2CL
_cT
999 _c7823
_d7823